| 000 | 00452nmm a2200181 a 4500 | ||
|---|---|---|---|
| 003 | AR-X00000XY | ||
| 005 | 20251128212020.0 | ||
| 008 | 127020s1971 ||||||||||||||000 | spa|| | ||
| 040 | _cAR-X00000XY | ||
| 100 | 1 | _aBurroughs, William S. | |
| 245 | 1 | 0 | _aAlmuerzo desnudo |
| 260 |
_aBuenos Aires _bEdiciones Siglo Veinte _c1971 |
||
| 300 | 0 | _a269 p. | |
| 655 | _aLITERATURA | ||
| 700 | 1 |
_aLeal, AnĂbal _etraductor |
|
| 942 | _cBK | ||
| 998 | _cmartin | ||
| 999 |
_c22078 _d22078 |
||